| 000 | 00482nam a2200169Ia 4500 | ||
|---|---|---|---|
| 003 | IN-BaIIA | ||
| 008 | 211028s9999 xx 000 0 eng d | ||
| 040 | _cIIA Library | ||
| 080 |
_a533 _bPLA |
||
| 245 | 0 |
_aPlasma physics in theory and application _cedited by Wulf B. Kunkel |
|
| 260 |
_aNew York _bMcGraw-Hill _c1966 |
||
| 300 | _axvii, 494p. | ||
| 650 |
_aPlasma physics _93732 |
||
| 650 |
_aPlasmas (Ionized gases) _96737 |
||
| 700 |
_aKunkel, Wulf B., ed. _96738 |
||
| 942 | _cBK | ||
| 999 |
_c3795 _d3795 |
||